| 000 | 00658nam a22002057a 4500 | ||
|---|---|---|---|
| 005 | 20160222195027.0 | ||
| 008 | 160222b ag ||||| |||| 00| 0 spa d | ||
| 040 |
_aCO-BoIAVH _cCO-BoIAVH |
||
| 041 | _aspa | ||
| 044 | _aag | ||
| 082 | 1 | 4 |
_a631.5 _bL44r |
| 100 | 1 | _aLebedev, Viacheslav | |
| 245 | 1 | 3 |
_aEl renovador de la naturaleza : _bvida y obra de Michurin / _cViacheslav Lebedev, traducción de Enrique Zernask. |
| 260 |
_aBuenos Aires: _bSiglo Veinte Editores, _c1948. |
||
| 300 | _a254 páginas. | ||
| 650 | 1 | 4 | _acultivo |
| 650 | 1 | 4 |
_ahorticultura _zKozlov |
| 700 | 1 |
_aZernask, Enrique _etraductor |
|
| 942 |
_2ddc _cLIBRO |
||
| 999 |
_c18168 _d18168 |
||